| Tag |
First Indicator |
Second Indicator |
Subfields |
| LEADER |
00000cam a2200000 i 4500 |
| 001 |
in00004784580 |
| 003 |
OCoLC |
| 005 |
20240113142533.6 |
| 008 |
220317s2023 nyu d 000 1 eng |
| 010 |
|
|
|a 2021059431
|
| 024 |
8 |
|
|a 40032194305
|
| 040 |
|
|
|a DLC
|b eng
|e rda
|c DLC
|d OCLCO
|d FHP
|
| 019 |
|
|
|a 1296677376
|a 1296913504
|
| 020 |
|
|
|a 9781665902106
|q (hardcover)
|
| 020 |
|
|
|a 1665902108
|
| 020 |
|
|
|a 9781665902113
|q (paperback)
|
| 020 |
|
|
|a 1665902116
|
| 020 |
|
|
|z 9781665902120
|q (ebook)
|
| 035 |
|
|
|a (OCoLC)1296941031
|z (OCoLC)1296677376
|z (OCoLC)1296913504
|
| 042 |
|
|
|a pcc
|
| 050 |
0 |
0 |
|a PZ7.1.F98
|b Cr 2023
|
| 082 |
0 |
0 |
|a [Fic]
|2 23
|
| 100 |
1 |
|
|a Fuston, Margie,
|e author.
|
| 245 |
1 |
0 |
|a Cruel illusions /
|c Margie Fuston.
|
| 250 |
|
|
|a First Margaret K. McElderry Books paperback edition.
|
| 264 |
|
1 |
|a New York :
|b Margaret K. McElderry Books,
|c 2023.
|
| 300 |
|
|
|a 503 pages ;
|c 22 cm
|
| 336 |
|
|
|a text
|b txt
|2 rdacontent
|
| 337 |
|
|
|a unmediated
|b n
|2 rdamedia
|
| 338 |
|
|
|a volume
|b nc
|2 rdacarrier
|
| 521 |
1 |
|
|a Ages 14 up.
|
| 520 |
|
|
|a Eighteen-year-old Ava Perry leaves the safety of her foster care home and joins a troupe of vampire-hunting magicians, believing that she finally has her chance to discover the truth behind her mother's death.
|
| 650 |
|
0 |
|a Magicians
|v Juvenile fiction.
|
| 650 |
|
0 |
|a Vampires
|v Juvenile fiction.
|
| 650 |
|
0 |
|a Contests
|v Juvenile fiction.
|
| 650 |
|
0 |
|a Magic
|v Juvenile fiction.
|
| 650 |
|
0 |
|a Revenge
|v Juvenile fiction.
|
| 650 |
|
1 |
|a Magicians
|v Fiction.
|
| 650 |
|
1 |
|a Vampires
|v Fiction.
|
| 650 |
|
1 |
|a Contests
|v Fiction.
|
| 650 |
|
1 |
|a Magic
|v Fiction.
|
| 650 |
|
1 |
|a Revenge
|v Fiction.
|
| 650 |
|
7 |
|a YOUNG ADULT FICTION / Fantasy / Contemporary.
|2 bisacsh
|
| 650 |
|
7 |
|a YOUNG ADULT FICTION / Family / Orphans & Foster Homes.
|2 bisacsh
|
| 650 |
|
7 |
|a YOUNG ADULT FICTION / Social Themes / Emotions & Feelings.
|2 bisacsh
|
| 655 |
|
0 |
|a Fantasy fiction.
|
| 655 |
|
7 |
|a Fantasy fiction.
|2 gsafd
|
| 655 |
|
7 |
|a Novels.
|2 lcgft
|
| 655 |
|
7 |
|a Vampire fiction.
|2 lcgft
|
| 655 |
|
7 |
|a Romans.
|2 rvmgf
|
| 776 |
0 |
8 |
|i Online version:
|a Fuston, Margie.
|t Cruel illusions.
|b First edition.
|d New York : Margaret K. McElderry Books, [2022]
|z 9781665902120
|w (DLC) 2021059432
|
| 945 |
|
|
|b 12383
|
| 947 |
|
|
|a A14852514232
|
| 980 |
|
|
|b print
|c 40032194305
|g 565712
|k USD
|m 19.79
|q 1
|s AcqMono Conventional
|t Approval plan
|u Vendor order reference number
|v ZYBP
|y Print approval
|z Physical resource
|
| 999 |
f |
f |
|i 4496399c-3c3f-4b2f-aad7-a9cdb71786e2
|s b9e6222f-2bb2-4fce-94c8-7a5ea583a0cc
|t 0
|
| 952 |
f |
f |
|p normal
|a Texas A&M University
|b College Station
|c Sterling C. Evans Library
|s Evans curr
|d Evans: Curriculum Collection (4th floor)
|t 0
|e PZ7.1.F98 Cr 2023
|h Library of Congress classification
|i unmediated -- volume
|m A14852514232
|